000 01397nam a2200301 a 4500
001 000047891
003 OSt
005 20210118101905.0
007 ta
008 181002s2018 000 spa d
020 _a9788469791035
040 _aDO-SdBNP
_bspa
_cBNPHU
041 _hspa
082 _aBNPHU- xxxx
_bA795a
100 1 _aArvelo, Alejandro
_d1959-
_925165
245 1 0 _aAristóteles o la precisión :
_bapuntes a la pasión del que nombra /
_cAlejandro Arvelo.
260 _aSanto Domingo :
_bACUDEBI ,
_bSolenodonte ,
_c2018.
300 _a71 p. ;
_c26 cm.
490 1 _aEnsayo.
500 _aIncluye datos biográficos del autor .
504 _aIncluye bibliografía, pg. 69-71
505 1 _aEl imperialismo de precisión, ¿un requerimiento táctico para filosofar? :
_tI. la propiedad y la exactitud, normas de hechos en Aristóteles. II. la lengua, ¿medio o causa eficiente del pensamiento? II. retórica, pensamiento e imperativo de precisión. IV. la delimitación rigurosa de matices, vínculo intangible entre lógica y retórica. V. modos, utilidad y conciencia del valor hermenéutico de la precisión terminológica en Aristóteles.
505 1 _aPrecisión como método y como reserva crítica de la humanidad en las actuales circunstancias.
505 1 _aBibliografía.
590 _aInventariado, 2018/VM
830 0 0 _aEnsayo
_93177
942 _2ddc
_cLBS1
999 _c47379
_d47379